| 000 | 00789nam a22002057a 4500 | ||
|---|---|---|---|
| 999 |
_c190910 _d190910 |
||
| 005 | 20220810151005.0 | ||
| 010 | _aENG-134386 | ||
| 020 |
_a9788195308330 _c499.00 |
||
| 035 | _aEN-117918 | ||
| 037 | _bDBAD/PUB | ||
| 082 | _a621.319 | ||
| 100 | _aJha, Manoj Kumar | ||
| 245 |
_aElectrical Power System Excitation Control Models And Its Simulation Using Interval Type-2 Fuzzy Logic Techniques/ _cManoj Kumar Jha, Vikas Kumar Mishra and M.F. Qureshi |
||
| 260 |
_aChattisgarh _bAditi Publication _c2021 |
||
| 270 |
_aOpp. New Panchjanya Vidya Mandir, Near Tiranga Chowk, Kushalpur, Raipur _bChattisgarh _e492001 _mshodhsamagam1@gmail.com |
||
| 300 |
_a162p. _c20cm(pbk) |
||
| 700 | _aMishra, Vikas Kumar | ||
| 700 | _aQureshi, M.F. | ||
| 942 |
_2ddc _cEN _h621.319 _mJHA |
||